El comisario ciego (Record no. 178060)
[ view plain ]
| 000 -LEADER | |
|---|---|
| campo de control de longitud fija | 01625nam a2200265 i 4500 |
| 001 - NÚMERO DE CONTROL | |
| campo de control | 178060 |
| 003 - IDENTIFICADOR DE NÚMERO DE CONTROL | |
| campo de control | ES-MaACL |
| 005 - FECHA Y HORA DE LA ÚLTIMA TRANSACCIÓN | |
| campo de control | 20231204174101.0 |
| 008 - DATOS DE LONGITUD FIJA--INFORMACIÓN GENERAL | |
| campo de control de longitud fija | 110516s2003 sp |||| |dspa d |
| 020 ## - NÚMERO INTERNACIONAL ESTÁNDAR DEL LIBRO | |
| Número Internacional Estándar del Libro | 84-8485-121-4 |
| 080 ## - NÚMERO DE LA CLASIFICACIÓN DECIMAL UNIVERSAL | |
| Número de la Clasificación Decimal Universal | 821.134.2(729.1)-34"19" |
| 100 1# - ENTRADA PRINCIPAL--NOMBRE DE PERSONA | |
| Nombre de persona | Novás Calvo, Lino, |
| Fechas asociadas al nombre | 1905-1983 |
| 9 (RLIN) | 86065 |
| 245 13 - MENCIÓN DEL TÍTULO | |
| Título | El comisario ciego |
| Resto del título | : y otros relatos / |
| Mención de responsabilidad, etc. | Lino Novás Calvo ; introducción, selección y notas de Cira Romero. |
| 260 ## - PUBLICACIÓN, DISTRIBUCIÓN, ETC. | |
| Lugar de publicación, distribución, etc. | [Sada (A Coruña)] : |
| Nombre del editor, distribuidor, etc. | Ediciós do Castro, |
| Fecha de publicación, distribución, etc. | [2003] |
| 300 ## - DESCRIPCIÓN FÍSICA | |
| Extensión | 495 p. ; |
| Dimensiones | 22 cm. |
| 490 1# - MENCIÓN DE SERIE | |
| Mención de serie | Biblioteca del exilio ; |
| Designación de volumen o secuencia | 14 |
| 504 ## - NOTA DE BIBLIOGRAFÍA, ETC. | |
| Nota de bibliografía, etc. | Bibliografía: p. 59-62. |
| 505 8# - NOTA DE CONTENIDO CON FORMATO | |
| Nota de contenido con formato | Contiene: De 'La luna nona y otros cuentos': ; |
| Título | Aquella noche salieron los muertos ; |
| -- | La noche de Ramón Yendía ; |
| -- | Long Island ; |
| -- | En las afueras - De 'Cayo Canas': ; |
| -- | Cayo Canas ; |
| -- | El otro cayo ; |
| -- | La visión de Tamaría ; |
| -- | Un dedo encima ; |
| -- | ¡Trínquenme ahí a ese hombre! - ; |
| -- | No sé quién soy - De 'Maneras de contar': ; |
| -- | Un encuentro singular ; |
| -- | A ese lugar donde me llaman ; |
| -- | Un buchito de café - De 8 'narraciones policiales': ; |
| -- | ¡Y baila, y baila y baila! ; |
| -- | Un paseo por la Quinta Avenida - Cuentos no recogidos en libros: ; |
| -- | El bejuco ; |
| -- | El comisario ciego ; |
| -- | Ojos de oro ; |
| -- | Angusola y los cuchillos ; |
| -- | El cuarto de morir ; |
| -- | Hacia donde se acuesta el sol |
| 700 1# - ENTRADA AGREGADA--NOMBRE PERSONAL | |
| Nombre de persona | Romero, Cira. |
| 9 (RLIN) | 146537 |
| 830 0# - PUNTO DE ACCESO ADICIONAL DE SERIE-TÍTULO UNIFORME | |
| Título uniforme | Biblioteca del exilio ; |
| Designación de volumen o secuencia | 14 |
| 9 (RLIN) | 180374 |
| 852 ## - LOCALIZACIÓN | |
| Ubicación | ES-MaACL |
| itemnumber | 184919 |
| Sublocalización o colección | R.145437 |
| Número de control de estantería | A-11180 |
| Signatura antigua | Olim: N-4185 |
| Ubicación en estantería | Depósito 1 |
| Encuadernación | Donación: Jose Esteban |
| 903 ## - NOMBRE PERSONAL DE DONANTE | |
| 9 | 234040 |
| a | Esteban, José |
| e | Donante |
| 942 ## - ELEMENTOS DE ENTRADA SECUNDARIOS (KOHA) | |
| Fuente del sistema de clasificación o colocación | Clasificación decimal universal |
| Estatus retirado | Estado de pérdida | Fuente del sistema de clasificación o colocación | Estado de daño | No para préstamo | Biblioteca de origen | Biblioteca actual | Ubicación en estantería | Fecha de adquisición | Fuente de adquisición | Total de préstamos | Signatura topográfica completa | Código de barras | Visto por última vez | Precio de reemplazo | Tipo de ítem Koha |
|---|---|---|---|---|---|---|---|---|---|---|---|---|---|---|---|
| Clasificación decimal universal | Biblioteca del Ateneo de Madrid | Biblioteca del Ateneo de Madrid | Depósito 1 | 16/05/2011 | Donación | A-11180 | 1187054 | 23/02/2023 | 23/02/2023 | Libro impreso |
